书目信息 |
| 题名: |
分子医学入门教程
|
|
| 作者: | 特伦特 著 ;谢东 译 | |
| 分册: | ||
| 出版信息: | 北京 科学出版社 2007.06 |
|
| 页数: | 344页 | |
| 开本: | 26cm | |
| 丛书名: | 科爱传播生命科学 | |
| 单 册: | ||
| 中图分类: | Q7 | |
| 科图分类: | ||
| 主题词: | 医学--yi xue--分子生物学 | |
| 电子资源: | ||
| ISBN: | 978-7-03-019022-2 | |
| 000 | 01141nam 2200289 450 | |
| 001 | 012007015437 | |
| 005 | 20080114112817.60 | |
| 010 | @a978-7-03-019022-2@dCNY56.00 | |
| 100 | @a20080114d2007 em y0chi0120 ea | |
| 101 | 1 | @achi@ceng |
| 102 | @aCN@b110000 | |
| 105 | @aa z 001yy | |
| 106 | @ar | |
| 200 | 1 | @a分子医学入门教程@Afen zi yi xue ru men jiao cheng@d= Molecular medicine: an introductory text@f(澳) 罗纳德·特伦特著@F(ao)luo na de·te lun te zhu@g谢东等译@Gxie dong deng yi@zeng |
| 210 | @a北京@c科学出版社@d2007.06 | |
| 215 | @a344页@c图@d26cm | |
| 225 | 2 | @a科爱传播生命科学@Ake ai chuan bo sheng ming ke xue |
| 320 | @a有索引。 | |
| 330 | @a本书主要内容包括:分子医学的历史;DNA、RNA、基因和染色体;孟德尔式遗传的特点;复杂遗传性状;基因组学、蛋白质组学与生物信息学;基因治疗与细胞治疗等。 | |
| 410 | 0 | @12001 @a科爱传播生命科学 |
| 500 | 10 | @aMolecular medicine: an introductory text@mChinese |
| 606 | 0 | @a医学@Ayi xue@x分子生物学 |
| 690 | @aQ7@v4 | |
| 701 | 1 | @a特伦特@Ate lun te@g(Trent, Ronald J.)@4著 |
| 702 | 0 | @a谢东@Axie dong@4译 |
| 801 | 0 | @aCN@bQSSK@c20080114 |
| 905 | @b278214-15@dQ7@eT403@f3 | |
| 分子医学入门教程= Molecular medicine: an introductory text/(澳) 罗纳德·特伦特著/谢东等译.-北京:科学出版社,2007.06 |
| 344页:图;26cm.-(科爱传播生命科学) |
| ISBN 978-7-03-019022-2:CNY56.00 |
| 本书主要内容包括:分子医学的历史;DNA、RNA、基因和染色体;孟德尔式遗传的特点;复杂遗传性状;基因组学、蛋白质组学与生物信息学;基因治疗与细胞治疗等。 |
| ● |
| 相关链接 |
|
|
|
正题名:分子医学入门教程
索取号:Q7/T403
 
预约/预借
| 序号 | 登录号 | 条形码 | 馆藏地/架位号 | 状态 | 备注 |
| 1 | 278214 | 202782140 | 自科库401/401自科库 30排3列5层/ [索取号:Q7/T403] | 在馆 | |
| 2 | 278215 | 202782159 | 自科库401/401自科库 30排3列5层/ [索取号:Q7/T403] | 在馆 |